| 000 | 01260cab a2200241 4500 | ||
|---|---|---|---|
| 001 | ABS57013 | ||
| 008 | 090401t1997 xxu||||| |||| 00| 0 eng d | ||
| 035 | _a(Sirsi) u78493 | ||
| 041 | _aeng | ||
| 245 | _aRoyal Bank of Scotland plc v Jennings and others | ||
| 260 | _c1997 | ||
| 350 | _a0 | ||
| 490 |
_aEstates Gazette _v(9719) 10 May 1997, 152-155(4) |
||
| 520 | _aCA 24 October 1996. Plaintiff tenant of warehouse premises had five yearly rent reviews. The rent review provisions agreed that the president of the RICS upon application of the landlords would appoint an expert, if no other agreement could be reached. The tenant sought to initiate a rent review, wherefore the defendant landlords declined to agree to an expert or apply to the president of the RICS to appoint one. The tenant was granted a declaration that the landlords are bound to apply. The landlords appealed, conceding that the rent was reviewable upwards and downwards. The appeal was dismissed. | ||
| 650 | _aEXPERT APPOINTMENT | ||
| 650 | _aRENT REVIEW PROVISIONS | ||
| 650 | _aRENT REVIEW | ||
| 650 | _aRICS | ||
| 650 | _aROYAL BANK OF SCOTLAND PLC V JENNINGS AND OTHERS | ||
| 690 | _aLANDLORD AND TENANT-CASE LAW-RENT REVIEWS | ||
| 942 | _n0 | ||
| 948 | _c21/05/1997 | ||
| 999 |
_c49386 _d49386 |
||